000
00381cam a2200169ua 4500
020
_c
Rs. 2.00
041
_a
mal
_h
082
_a
894.812308
_b
KUS/KA
100
_a
Kushvahakanth, .
245
_a
Kaichangala
260
_a
Tiruvalla :
_b
Southern book stall ,
_c
1960.
300
_a
170 ; .
365
_a
Rs. 2.00
504
_a
942
_c
BK
999
_c
4498
_d
4498